[Event "WchT Blitz Pool D"]
[Site "London"]
[Date "2025.06.14"]
[Round "5.2"]
[White "Banerjee, Supratit"]
[Black "Harikrishna, Pentala"]
[Result "0-1"]
[WhiteElo "2311"]
[BlackElo "2707"]
[PlyCount "96"]
[EventDate "2025.06.14"]
[EventType "team-tourn"]
[EventRounds "13"]
[EventCountry "ENG"]
[SourceTitle "CB25_2025"]
[SourceDate "2025.06.18"]
[SourceVersion "1"]
[SourceVersionDate "2025.06.18"]
[SourceQuality "1"]
[WhiteTeam "English Knightmares"]
[BlackTeam "Team MGD1"]
[WhiteTeamCountry "ENG"]
[BlackTeamCountry "IND"]

1. e4 e5 2. Nf3 Nc6 3. Bb5 a6 4. Ba4 Nf6 5. 0-0 Be7 6. Re1 b5 7. Bb3 d6 8. c3 0-0 9. h3 Nb8 10. d4 Nbd7 11. c4 c6 12. Nc3 b4 13. Na4 c5 14. dxc5 dxc5 15. a3 Bb7 16. Bc2 Qc7 17. axb4 cxb4 18. b3 Nc5 19. Bb2 Nxa4 20. Bxe5 Qb6 21. Rxa4 Rad8 22. Qe2 Bc5 23. Bf4 Rfe8 24. e5 Nd7 25. Raa1 Nf8 26. Be3 Ne6 27. Bxc5 Qxc5 28. Be4 Bxe4 29. Qxe4 a5 30. Rad1 Rxd1 31. Rxd1 Qa7 32. Qc6 Qa8 33. Qxa8 Rxa8 34. Ra1 Kf8 35. Kf1 Ke7 36. Ke2 Kd7 37. Ke3 Kc7 38. Nd4 Nc5 39. f4 Kb6 40. g4 Rd8 41. h4 Rxd4 42. Kxd4 Nxb3+ 43. Kd5 Nxa1 44. Kd6 Nb3 45. f5 Nc5 46. e6 fxe6 47. fxe6 Nxe6 48. Kxe6 Kc5 0-1

[Event "WchT Blitz Pool D"]
[Site "London"]
[Date "2025.06.14"]
[Round "12.2"]
[White "Kistrup, Nicolai"]
[Black "Harikrishna, Pentala"]
[Result "0-1"]
[WhiteElo "2381"]
[BlackElo "2707"]
[PlyCount "119"]
[EventDate "2025.06.14"]
[EventType "team-tourn"]
[EventRounds "13"]
[EventCountry "ENG"]
[SourceTitle "CB25_2025"]
[SourceDate "2025.06.18"]
[SourceVersion "1"]
[SourceVersionDate "2025.06.18"]
[SourceQuality "1"]
[WhiteTeam "Danish Futures"]
[BlackTeam "Team MGD1"]
[WhiteTeamCountry "DEN"]
[BlackTeamCountry "IND"]

1. e4 e5 2. Nf3 Nc6 3. Bc4 Nf6 4. d3 Be7 5. 0-0 0-0 6. a4 d6 7. c3 Na5 8. Ba2 c5 9. b4 cxb4 10. cxb4 Nc6 11. b5 Nb4 12. Bb3 Bg4 13. h3 Bh5 14. Qe2 a5 15. Nc3 Rc8 16. Bd2 Nd7 17. Rac1 Nc5 18. Bc4 Bxf3 19. Qxf3 Bg5 20. Rfd1 h6 21. Bxg5 Qxg5 22. Qe3 Rc7 23. Qxg5 hxg5 24. Rd2 Ncxd3 25. Bxd3 Rfc8 26. Be2 Rxc3 27. Rxc3 Rxc3 28. Rxd6 Ra3 29. Rb6 Rxa4 30. Rxb7 Ra1+ 31. Kh2 Rb1 32. Ra7 Nc2 33. Rxa5 Rb4 34. Bd3 Nd4 35. Ra7 g6 36. Rb7 Kg7 37. b6 Kf6 38. Rb8 Nc6 39. Rb7 Ke6 40. Rc7 Rxb6 41. Bc4+ Kd6 42. Rxf7 Kc5 43. Bd5 Nd4 44. Re7 Rb2 45. Rxe5 Rxf2 46. Kg3 Rf6 47. Rxg5 Ne2+ 48. Kh2 Kd4 49. Rg4 Ke5 50. Rg5+ Kf4 51. Rg4+ Ke5 52. h4 Nf4 53. Rg5+ Kd4 54. g3 Nd3 55. Kh3 Ne5 56. Kg2 Rb6 57. Kh3 Rb1 58. h5 gxh5 59. Kg2 Rb2+ 60. Kg1 0-1

[Event "WchT Blitz Pool D"]
[Site "London"]
[Date "2025.06.14"]
[Round "3.2"]
[White "Makhnev, Denis"]
[Black "Harikrishna, Pentala"]
[Result "0-1"]
[WhiteElo "2531"]
[BlackElo "2707"]
[PlyCount "130"]
[EventDate "2025.06.14"]
[EventType "team-tourn"]
[EventRounds "13"]
[EventCountry "ENG"]
[SourceTitle "CB25_2025"]
[SourceDate "2025.06.18"]
[SourceVersion "1"]
[SourceVersionDate "2025.06.18"]
[SourceQuality "1"]
[WhiteTeam "Barys.kz"]
[BlackTeam "Team MGD1"]
[WhiteTeamCountry "KAZ"]
[BlackTeamCountry "IND"]

1. d4 Nf6 2. Nf3 d5 3. Bf4 Bf5 4. e3 e6 5. Nbd2 Bd6 6. Ne5 Nfd7 7. Be2 Nxe5 8. dxe5 Be7 9. 0-0 0-0 10. c4 c6 11. Nf3 Nd7 12. Bd3 Bxd3 13. Qxd3 Nc5 14. Qc2 Rc8 15. Rfd1 h6 16. b4 Nd7 17. Rab1 a5 18. a3 axb4 19. axb4 Nb6 20. Nd2 Qc7 21. c5 Nd7 22. Nf3 Ra8 23. Rd4 Ra3 24. e4 Rfa8 25. Qc1 Bf8 26. h4 Rxf3 27. gxf3 Nxe5 28. Kg2 f6 29. exd5 cxd5 30. Qe3 Ra2 31. Re1 Qf7 32. Bxe5 fxe5 33. Qxe5 Ra6 34. b5 Ra2 35. Qxe6 Qxe6 36. Rxe6 Bxc5 37. Rxd5 Rxf2+ 38. Kg3 Rc2 39. b6 Bf2+ 40. Kg2 Bxb6+ 41. Kh3 Bc7 42. Rd7 h5 43. Rxc7 Rxc7 44. Kg3 Rc6 45. Re5 g6 46. Re7 b5 47. Rb7 Rc5 48. Kf4 Kf8 49. Ke4 Rc4+ 50. Ke5 Rxh4 51. Rxb5 Kg7 52. Rb7+ Kh6 53. f4 Rh1 54. Rb6 Re1+ 55. Kd4 Rf1 56. Ke4 h4 57. Rb5 Kg7 58. Rb3 Rh1 59. Rb7+ Kh6 60. Kf3 Rg1 61. Rb8 Rg3+ 62. Ke4 Kh5 63. f5 Rg4+ 64. Ke5 Rg5 65. Rh8+ Kg4 0-1

[Event "WchT Rapid"]
[Site "London"]
[Date "2025.06.11"]
[Round "1.1"]
[White "Chinguun, Sumiya"]
[Black "Harikrishna, Pentala"]
[Result "1/2-1/2"]
[WhiteElo "2271"]
[BlackElo "2634"]
[PlyCount "127"]
[EventDate "2025.06.11"]
[EventType "team-swiss"]
[EventRounds "12"]
[EventCountry "ENG"]
[SourceTitle "CB25_2025"]
[SourceDate "2025.06.18"]
[SourceVersion "1"]
[SourceVersionDate "2025.06.18"]
[SourceQuality "1"]
[WhiteTeam "The MongolZ"]
[BlackTeam "Team MGD1"]
[WhiteTeamCountry "MGL"]
[BlackTeamCountry "IND"]

1. e4 e5 2. Nf3 Nc6 3. Bc4 Nf6 4. d3 Be7 5. Nc3 d6 6. a4 0-0 7. h3 Be6 8. Nd5 Bxd5 9. exd5 Nb4 10. d4 e4 11. Nd2 c6 12. dxc6 bxc6 13. c3 Nbd5 14. Bxd5 cxd5 15. Nf1 Ne8 16. Ne3 Nc7 17. Qb3 Rb8 18. Qa2 Bg5 19. Nxd5 Bxc1 20. Rxc1 Qg5 21. Ne3 Ne6 22. g3 Qg6 23. h4 f5 24. h5 Qf7 25. b4 Kh8 26. Qd5 f4 27. gxf4 Qxf4 28. Rf1 Ng5 29. Kd1 Qf3+ 30. Kc2 Nh3 31. Kb3 Rf6 32. h6 gxh6 33. Qa5 Rf7 34. Nc4 Rfb7 35. b5 Qf7 36. d5 Qxd5 37. Rcd1 Rxb5+ 38. axb5 Rxb5+ 39. Kc2 Rxa5 40. Rxd5 Rxd5 41. Rh1 Nxf2 42. Rxh6 Kg7 43. Re6 h5 44. Nxd6 h4 45. Nxe4 Nxe4 46. Rxe4 Rh5 47. Re7+ Kf6 48. Rxa7 h3 49. Ra1 Kf5 50. Kd3 h2 51. Rh1 Rh4 52. c4 Kf4 53. Kd4 Kf3+ 54. Kd5 Kg2 55. Rxh2+ Rxh2 56. c5 Rh5+ 57. Kd6 Rh6+ 58. Kd7 Rh7+ 59. Kd6 Kf3 60. c6 Ke4 61. c7 Rh8 62. Kd7 Kd5 63. c8Q Rxc8 64. Kxc8 1/2-1/2

[Event "FRA-chT Top 16 GpB"]
[Site "Belfort"]
[Date "2025.05.22"]
[Round "1.2"]
[White "Harikrishna, Pentala"]
[Black "Amin, Bassem"]
[Result "0-1"]
[WhiteElo "2707"]
[BlackElo "2649"]
[PlyCount "158"]
[EventDate "2025.05.22"]
[EventType "team-tourn"]
[EventRounds "7"]
[EventCountry "FRA"]
[SourceTitle "CB22_2025"]
[SourceDate "2025.05.28"]
[SourceVersion "1"]
[SourceVersionDate "2025.05.28"]
[SourceQuality "1"]
[WhiteTeam "Asnieres"]
[BlackTeam "Clichy Echecs 92"]
[WhiteTeamCountry "FRA"]
[BlackTeamCountry "FRA"]

1. e4 e5 2. Nf3 Nc6 3. Bb5 Nf6 4. d3 Bc5 5. c3 0-0 6. 0-0 d6 7. h3 Ne7 8. d4 Bb6 9. Re1 d5 10. exd5 exd4 11. cxd4 Nfxd5 12. Nc3 c6 13. Bd3 Bf5 14. Nxd5 cxd5 15. Bf4 Rc8 16. Re2 Bg6 17. Bxg6 Nxg6 18. Bg3 Re8 19. Rxe8+ Qxe8 20. Qb3 Qd7 21. Re1 f6 22. Qa3 Rc6 23. h4 h5 24. Qd3 Kf7 25. Nd2 Ba5 26. Rd1 Bxd2 27. Rxd2 Ne7 28. Kh2 Nf5 29. Qf3 Kg6 30. Qd1 Qc8 31. Qf3 Qe6 32. Re2 Qd7 33. Rd2 Rc4 34. Qd1 Qc8 35. Rd3 Rc1 36. Qb3 Qe6 37. Rd1 Rxd1 38. Qxd1 Qe4 39. Qa4 a6 40. Qd7 b5 41. Qc6 Nh6 42. f3 Qxd4 43. Qxa6 Qxb2 44. Qa8 Qd2 45. Qe8+ Kh7 46. Qxb5 Qxa2 47. Qd3+ g6 48. Qe3 Kg7 49. Qe7+ Nf7 50. Bf4 Qa8 51. Be3 Qd8 52. Qa7 Kg8 53. Bd4 Qd6+ 54. Kg1 Ne5 55. Qa8+ Kg7 56. Qb7+ Qd7 57. Qa8 Nc6 58. Bc5 Nd8 59. Kf2 Ne6 60. Bb4 Kf7 61. Bd2 Nc5 62. Qa3 Qb5 63. Kg3 Qb6 64. Qa8 Qe6 65. Qa7+ Qe7 66. Qa8 Qd7 67. Bh6 Ke6 68. Qg8+ Kf5 69. Kh3 d4 70. g4+ hxg4+ 71. fxg4+ Ke5 72. Qxg6 d3 73. Kg3 Qe6 74. Be3 d2 75. Bf4+ Kd4 76. Bxd2 Ne4+ 77. Kg2 Nxd2 78. h5 Qe2+ 79. Kh3 Qf1+ 0-1

[Event "Titled Tuesday intern op 01st Apr Early"]
[Site "Chess.com INT"]
[Date "2025.04.01"]
[Round "9"]
[White "Le, Minh Hoang"]
[Black "Harikrishna, Pentala"]
[Result "0-1"]
[WhiteElo "2193"]
[BlackElo "2704"]
[PlyCount "96"]
[EventDate "2025.04.01"]
[EventType "swiss (blitz)"]
[EventRounds "11"]
[EventCountry "USA"]
[SourceTitle "CB15_2025"]
[SourceDate "2025.04.09"]
[SourceVersion "1"]
[SourceVersionDate "2025.04.09"]
[SourceQuality "1"]

1. e4 c5 2. Nf3 e6 3. d4 cxd4 4. Nxd4 Nc6 5. Be3 Nf6 6. Nc3 Bb4 7. Bd3 0-0 8. 0-0 d6 9. Nde2 Ng4 10. Bf4 a6 11. Bg3 Bc5 12. h3 Nge5 13. Qd2 b5 14. a3 Bb7 15. Rad1 Qe7 16. Kh2 Rad8 17. f4 Nxd3 18. cxd3 d5 19. e5 f5 20. d4 Bb6 21. Bf2 Na5 22. Ng1 Rc8 23. Na2 Nc4 24. Qe2 a5 25. Nf3 Rc7 26. Bh4 Qd7 27. Rc1 Rfc8 28. Rb1 Ba6 29. Rfd1 Ba7 30. Ng5 Rc6 31. Bf2 h6 32. Nf3 b4 33. axb4 Na3 34. Qe1 Nxb1 35. Rxb1 Bd3 36. Ra1 Rc2 37. Nc1 Be4 38. Nd2 axb4 39. Nxe4 dxe4 40. Nb3 Rxb2 41. Nc5 Bxc5 42. dxc5 Qd2 43. Qxd2 Rxd2 44. Be1 Rb2 45. Rc1 Rc6 46. Kg1 b3 47. Kf1 Rc2 48. Rb1 b2 0-1

[Event "Titled Tuesday intern op 11th Mar Late"]
[Site "Chess.com INT"]
[Date "2025.03.11"]
[Round "3"]
[White "Harikrishna, Pentala"]
[Black "Gustafsson, Jan"]
[Result "1-0"]
[WhiteElo "2704"]
[BlackElo "2602"]
[PlyCount "137"]
[EventDate "2025.03.11"]
[EventType "swiss (blitz)"]
[EventRounds "11"]
[EventCountry "USA"]
[SourceTitle "CB12_2025"]
[SourceDate "2025.03.19"]
[SourceVersion "1"]
[SourceVersionDate "2025.03.19"]
[SourceQuality "1"]

1. d4 d5 2. c4 c5 3. e3 Nf6 4. Nc3 dxc4 5. Bxc4 e6 6. Nf3 a6 7. a4 Nc6 8. 0-0 Be7 9. dxc5 Qxd1 10. Rxd1 Bxc5 11. b3 0-0 12. Bb2 Be7 13. Rac1 Rd8 14. Rxd8+ Bxd8 15. Rd1 Bd7 16. Ne4 Nxe4 17. Rxd7 Nc5 18. Rd1 Na5 19. Ba3 Ncxb3 20. Be2 Bf6 21. g4 h6 22. h4 Rd8 23. g5 Rxd1+ 24. Bxd1 hxg5 25. hxg5 Bc3 26. g6 f6 27. Kg2 b5 28. axb5 axb5 29. Bd6 b4 30. Bc7 Kf8 31. Bd6+ Ke8 32. Be2 Kd7 33. Bf8 f5 34. Bb5+ Kc7 35. Ng5 Kb6 36. Bd3 Nc5 37. Bxc5+ Kxc5 38. Nxe6+ Kd6 39. Bxf5 b3 40. Ng5 Ke5 41. Bd3 b2 42. f4+ Kd5 43. Kf3 Nc4 44. Ne4 Bb4 45. Nf6+ Kc5 46. Ne4+ Kd5 47. Nf6+ Kc5 48. Nh5 Bc3 49. e4 Kd4 50. Ke2 Nd2 51. Nxg7 Nxe4 52. Nf5+ Kd5 53. g7 Bxg7 54. Nxg7 Nc3+ 55. Ke3 b1Q 56. Bxb1 Nxb1 57. Kf3 Nc3 58. Kg4 Ne4 59. f5 Ke5 60. Nh5 Nf2+ 61. Kg5 Ne4+ 62. Kg6 Nd6 63. f6 Ke6 64. Nf4+ Ke5 65. Nh5 Ke6 66. Ng7+ Ke5 67. Ne8 Nf5 68. f7 Ne7+ 69. Kg5 1-0

[Event "Titled Tuesday intern op 11th Mar Late"]
[Site "Chess.com INT"]
[Date "2025.03.11"]
[Round "7"]
[White "Harikrishna, Pentala"]
[Black "Rosen, Eric S"]
[Result "1-0"]
[WhiteElo "2704"]
[BlackElo "2377"]
[PlyCount "73"]
[EventDate "2025.03.11"]
[EventType "swiss (blitz)"]
[EventRounds "11"]
[EventCountry "USA"]
[SourceTitle "CB12_2025"]
[SourceDate "2025.03.19"]
[SourceVersion "1"]
[SourceVersionDate "2025.03.19"]
[SourceQuality "1"]

1. d4 d5 2. c4 e6 3. Nc3 Nf6 4. Nf3 Nbd7 5. Bg5 c6 6. e3 Qa5 7. Nd2 Bb4 8. Rc1 Ne4 9. Ndxe4 dxe4 10. Bh4 Nb6 11. Be2 Qxa2 12. 0-0 Bxc3 13. bxc3 Na4 14. Ra1 Nxc3 15. Rxa2 Nxd1 16. Rxd1 f6 17. Bg3 Ke7 18. c5 Rd8 19. Bc7 Rd7 20. Bd6+ Kf7 21. Rda1 b5 22. cxb6 Rxd6 23. Rxa7+ Rxa7 24. bxa7 Bb7 25. Rb1 Ba8 26. Rb8 Rd7 27. Rxa8 Kg6 28. h4 Rc7 29. Bc4 Kf5 30. Bxe6+ Kg6 31. g4 Kh6 32. Bf5 c5 33. Rh8 g6 34. a8Q Rg7 35. Bxe4 cxd4 36. exd4 f5 37. Qf8 1-0

[Event "Titled Tuesday intern op 11th Mar Late"]
[Site "Chess.com INT"]
[Date "2025.03.11"]
[Round "4"]
[White "Harikrishna, Pentala"]
[Black "Saydaliev, Saidakbar"]
[Result "0-1"]
[WhiteElo "2704"]
[BlackElo "2461"]
[PlyCount "122"]
[EventDate "2025.03.11"]
[EventType "swiss (blitz)"]
[EventRounds "11"]
[EventCountry "USA"]
[SourceTitle "CB12_2025"]
[SourceDate "2025.03.19"]
[SourceVersion "1"]
[SourceVersionDate "2025.03.19"]
[SourceQuality "1"]

1. e4 c5 2. Nf3 d6 3. Be2 Nf6 4. Nc3 Nc6 5. d4 cxd4 6. Nxd4 g6 7. 0-0 Bg7 8. Be3 0-0 9. Qd2 Bd7 10. Rad1 Rc8 11. Nxc6 Bxc6 12. f3 a6 13. Bd4 Re8 14. Rfe1 Qa5 15. a3 Nd7 16. Bxg7 Kxg7 17. Kh1 Qc5 18. f4 b5 19. Bg4 Rc7 20. Bxd7 Rxd7 21. Re3 Rc8 22. Rh3 f6 23. Re3 b4 24. axb4 Qxb4 25. b3 Rdc7 26. Ne2 Qxd2 27. Rxd2 a5 28. Nd4 Bd7 29. e5 dxe5 30. fxe5 f5 31. h4 Rc3 32. Rxc3 Rxc3 33. Ne2 Rc7 34. Nf4 a4 35. bxa4 Kh6 36. a5 Bb5 37. Ne6 Rc4 38. g3 Re4 39. Ng5 Re1+ 40. Kh2 Bc6 41. Kh3 Rh1+ 42. Rh2 Ra1 43. c4 Kh5 44. Nxh7 Rxa5 45. Ng5 Rxe5 46. Rb2 Re1 47. Rh2 e5 48. Nh7 Kh6 49. Nf6 g5 50. hxg5+ Kxg5 51. Nd5 Rc1 52. Re2 Rxc4 53. Ne3 Rc1 54. Rf2 Rh1+ 55. Rh2 Re1 56. Nc4 Bf3 57. Nd2 Bg4+ 58. Kg2 e4 59. Kf2 Re2+ 60. Kg1 Rxh2 61. Kxh2 e3 0-1

[Event "Bundesliga 2425"]
[Site "Germany"]
[Date "2025.02.23"]
[Round "10.10"]
[White "Harikrishna, Pentala"]
[Black "Dudin, Gleb"]
[Result "0-1"]
[WhiteElo "2686"]
[BlackElo "2545"]
[PlyCount "86"]
[EventDate "2024.09.28"]
[EventType "team-tourn"]
[EventRounds "15"]
[EventCountry "GER"]
[SourceTitle "CB09_2025"]
[SourceDate "2025.02.27"]
[SourceVersion "1"]
[SourceVersionDate "2025.02.27"]
[SourceQuality "1"]
[WhiteTeam "Solingen"]
[BlackTeam "Deggendorf"]
[WhiteTeamCountry "GER"]
[BlackTeamCountry "GER"]

1. e4 c5 2. Nf3 d6 3. Be2 Nf6 4. Nc3 e5 5. Bc4 Be7 6. d3 Nc6 7. Bg5 Nd7 8. Bxe7 Qxe7 9. Nd5 Qd8 10. c3 0-0 11. 0-0 Nb6 12. Ne3 Kh8 13. Bb3 f5 14. exf5 Bxf5 15. Nxf5 Rxf5 16. Bc2 Rf8 17. d4 exd4 18. cxd4 Qf6 19. dxc5 dxc5 20. Be4 Rae8 21. Qb1 Nd4 22. Qd3 Nxf3+ 23. Bxf3 Qxb2 24. Qb3 Qe5 25. Rac1 c4 26. Qa3 Qc7 27. Rfe1 Nc8 28. Re6 h6 29. h3 a6 30. Qb4 b5 31. Rce1 Qf7 32. Rxa6 Rxe1+ 33. Qxe1 Re8 34. Qc3 Qf4 35. a3 Nd6 36. Rb6 Rf8 37. Qe1 Nf5 38. Rxb5 Nd4 39. Re5 c3 40. Rc5 c2 41. Qe3 Qd6 42. Rc4 Rb8 43. Bb7 Ne2+ 0-1

[Event "Chessable Masters Play In"]
[Site "Chess.com INT"]
[Date "2025.02.17"]
[Round "2"]
[White "Guliyev, Namig"]
[Black "Harikrishna, Pentala"]
[Result "1/2-1/2"]
[WhiteElo "2486"]
[BlackElo "2695"]
[PlyCount "123"]
[EventDate "2025.02.17"]
[EventType "swiss (blitz)"]
[EventRounds "9"]
[EventCountry "USA"]
[SourceTitle "CB08_2025"]
[SourceDate "2025.02.19"]
[SourceVersion "1"]
[SourceVersionDate "2025.02.19"]
[SourceQuality "1"]

1. e4 e6 2. d4 d5 3. Nc3 Nf6 4. e5 Nfd7 5. f4 c5 6. Nf3 Nc6 7. Be3 a6 8. Qd2 b5 9. dxc5 Bxc5 10. Ne2 Bxe3 11. Qxe3 Qb6 12. Qxb6 Nxb6 13. Ned4 Bd7 14. Bd3 0-0 15. Nxc6 Bxc6 16. Nd4 Bd7 17. 0-0 Na4 18. b3 Nc5 19. g3 b4 20. a3 a5 21. axb4 axb4 22. Kf2 Rfc8 23. Ke3 f6 24. h4 Be8 25. Rfc1 Bg6 26. Rxa8 Rxa8 27. Bxg6 hxg6 28. c3 bxc3 29. Rxc3 Ne4 30. Rc7 Nxg3 31. Nxe6 Nf5+ 32. Kd3 Re8 33. Nxg7 Nxg7 34. exf6 Re4 35. Rxg7+ Kf8 36. Rxg6 Rxf4 37. h5 Kf7 38. Rg5 Ke6 39. Kc3 Rf3+ 40. Kc2 d4 41. b4 Rc3+ 42. Kd2 Kxf6 43. Rc5 Rb3 44. b5 d3 45. h6 Kg6 46. Rc6+ Kh7 47. b6 Kh8 48. Rd6 Kh7 49. Ke3 Kh8 50. Kd4 d2 51. Kc5 Rb2 52. Kc6 Rc2+ 53. Kd7 Rb2 54. Kc7 Rc2+ 55. Kb8 Kh7 56. b7 Rb2 57. Kc7 Rc2+ 58. Kd7 Rb2 59. Kc8 Rc2+ 60. Kb8 Rb2 61. Kc7 Rc2+ 62. Kb8 1/2-1/2

[Event "Chessable Masters Play In"]
[Site "Chess.com INT"]
[Date "2025.02.17"]
[Round "9"]
[White "Harikrishna, Pentala"]
[Black "Bologan, Viktor"]
[Result "1-0"]
[WhiteElo "2695"]
[BlackElo "2603"]
[PlyCount "69"]
[EventDate "2025.02.17"]
[EventType "swiss (blitz)"]
[EventRounds "9"]
[EventCountry "USA"]
[SourceTitle "CB08_2025"]
[SourceDate "2025.02.19"]
[SourceVersion "1"]
[SourceVersionDate "2025.02.19"]
[SourceQuality "1"]

1. e4 d6 2. d4 Nf6 3. Bd3 e5 4. c3 Nbd7 5. Ne2 g6 6. 0-0 Bg7 7. Nd2 0-0 8. Re1 d5 9. exd5 Nxd5 10. Nf3 exd4 11. Nexd4 c6 12. Bg5 Qb6 13. Qd2 Nc5 14. Bc4 Ne6 15. Bxd5 Nxg5 16. Bb3 Nxf3+ 17. Nxf3 Qc5 18. Ng5 Bf5 19. Qf4 Bh6 20. h4 Kg7 21. Re5 Qb6 22. Rxf5 gxf5 23. Qe5+ Kg8 24. Nxf7 Rxf7 25. Qe6 Kh8 26. Qxf7 Rf8 27. Qe6 Bg7 28. Rd1 Qc7 29. Rd7 Qf4 30. Rxg7 Kxg7 31. Qe7+ Kg6 32. h5+ Kxh5 33. Qxh7+ Kg5 34. Qg7+ Kh5 35. Bd1+ 1-0

[Event "Chessable Masters Play In"]
[Site "Chess.com INT"]
[Date "2025.02.17"]
[Round "3"]
[White "Harikrishna, Pentala"]
[Black "Moroni, Luca Jr"]
[Result "1/2-1/2"]
[WhiteElo "2695"]
[BlackElo "2552"]
[PlyCount "122"]
[EventDate "2025.02.17"]
[EventType "swiss (blitz)"]
[EventRounds "9"]
[EventCountry "USA"]
[SourceTitle "CB08_2025"]
[SourceDate "2025.02.19"]
[SourceVersion "1"]
[SourceVersionDate "2025.02.19"]
[SourceQuality "1"]

1. e4 e5 2. Nf3 Nc6 3. Bb5 a6 4. Ba4 d6 5. 0-0 Bd7 6. c4 g6 7. Nc3 Bg7 8. Bxc6 bxc6 9. d4 exd4 10. Nxd4 c5 11. Nf3 Ne7 12. Bf4 0-0 13. e5 Nf5 14. Qd2 Be6 15. b3 Nd4 16. Nxd4 cxd4 17. Qxd4 dxe5 18. Qxd8 Rfxd8 19. Be3 f5 20. Rad1 h6 21. f3 g5 22. Na4 f4 23. Bf2 g4 24. Nc5 Bf5 25. Bh4 Rd4 26. Rxd4 exd4 27. fxg4 Bc2 28. Ne6 d3 29. Nxg7 d2 30. Ne6 c6 31. Nd4 d1Q 32. Rxd1 Bxd1 33. h3 Re8 34. Nxc6 Re2 35. c5 Rxa2 36. Nd4 Bc2 37. c6 Be4 38. c7 Bb7 39. Nf3 Rb2 40. Be1 Rxb3 41. Bd2 Rb2 42. Kf1 Rc2 43. Bxf4 a5 44. Nd4 Rc4 45. Be5 a4 46. Nf5 a3 47. Nd6 Rxc7 48. Nf5 Rc2 49. Nxh6+ Kh7 50. Nf7 a2 51. h4 Bxg2+ 52. Ke1 Bd5 53. Ng5+ Kg6 54. Nh3 Rc1+ 55. Kd2 a1Q 56. Bxa1 Rxa1 57. Nf4+ Kh6 58. Nxd5 Rh1 59. Ne3 Rxh4 60. Nf5+ Kg5 61. Nxh4 Kxg4 1/2-1/2

[Event "Chessable Masters Play In"]
[Site "Chess.com INT"]
[Date "2025.02.17"]
[Round "4"]
[White "Harikrishna, Pentala"]
[Black "Murzin, Volodar"]
[Result "1/2-1/2"]
[WhiteElo "2695"]
[BlackElo "2657"]
[PlyCount "100"]
[EventDate "2025.02.17"]
[EventType "swiss (blitz)"]
[EventRounds "9"]
[EventCountry "USA"]
[SourceTitle "CB08_2025"]
[SourceDate "2025.02.19"]
[SourceVersion "1"]
[SourceVersionDate "2025.02.19"]
[SourceQuality "1"]

1. d4 Nf6 2. c4 e6 3. g3 d5 4. Bg2 Be7 5. Nf3 0-0 6. 0-0 Nbd7 7. Qc2 a5 8. Nbd2 c5 9. cxd5 exd5 10. dxc5 Nxc5 11. Nb3 Nxb3 12. Qxb3 a4 13. Qd3 Qb6 14. Rb1 Bc5 15. b4 axb3 16. axb3 Ne4 17. e3 Bf5 18. Nh4 Be6 19. b4 Be7 20. Bb2 Bxh4 21. gxh4 Rfc8 22. Bxe4 dxe4 23. Qxe4 Bh3 24. Rfd1 Qg6+ 25. Qxg6 hxg6 26. Ra1 Rxa1 27. Bxa1 Rc4 28. Bd4 Rxb4 29. f3 b5 30. Kf2 Be6 31. Kg3 Ra4 32. Bc5 Rc4 33. Rd8+ Kh7 34. Bd4 b4 35. Rb8 b3 36. Rb5 Rc2 37. h5 gxh5 38. Rxh5+ Kg6 39. Rb5 Bc4 40. Rb6+ f6 41. h4 Rd2 42. Rb4 Rc2 43. Rb7 Rd2 44. h5+ Kh6 45. Rb4 Rc2 46. Rb7 Bd5 47. Rb5 Bf7 48. Rb7 Bd5 49. Rb5 Bc4 50. Rb7 Bd5 1/2-1/2